Animal Ranges - Do They Live There? - Statistics

General Stats
  • This quiz has been taken 43,681 times
  • The average score is 10 of 15
Answer Stats
Question Answer % Correct
Are there lizards in Europe? Yes
89%
Are there monkeys in Japan? Yes
86%
Are there penguins in Africa? Yes
79%
Are there mosquitos in Iceland? No
75%
Are there polar bears in Antarctica? No
74%
Are there crocodiles in the United States? Yes
74%
Are there kangaroos in New Zealand? No
73%
Are there sharks in the Great Lakes? No
72%
Are there elephants in China? Yes
71%
Are there tigers in Africa? No
70%
Are there lions in Asia? Yes
64%
Are there snakes in Ireland? No
63%
Are there wolves in Great Britain? No
48%
Are there cheetahs in Asia? Yes
40%
Are there apes in South America (not counting humans)? No
38%
No matching quizzes found
Score Distribution
Percent of People with Each Score
Percentile by Number Answered
Your Score History
You have not taken this quiz